Eka vāsantī rāta. (Record no. 55258)

MARC details
000 -LEADER
fixed length control field 00485cam a22002051 4500
001 - CONTROL NUMBER
control field sa 63003732
003 - CONTROL NUMBER IDENTIFIER
control field DLC
005 - DATE AND TIME OF LATEST TRANSACTION
control field 20260227111944.0
008 - FIXED-LENGTH DATA ELEMENTS--GENERAL INFORMATION
fixed length control field 820601q19601963xx 000 0 hino
010 ## - LIBRARY OF CONGRESS CONTROL NUMBER
LC control number sa 63003732
035 ## - SYSTEM CONTROL NUMBER
System control number (OCoLC)16762890
040 ## - CATALOGING SOURCE
Original cataloging agency DLC
Transcribing agency OrPS
Modifying agency DLC
042 ## - AUTHENTICATION CODE
Authentication code premarc
050 00 - LIBRARY OF CONGRESS CALL NUMBER
Classification number PK2098.M23
Item number E4
100 2# - MAIN ENTRY--PERSONAL NAME
Personal name Madāriy-a, Manamohana.
245 10 - TITLE STATEMENT
Title Eka vāsantī rāta.
260 ## - PUBLICATION, DISTRIBUTION, ETC.
Date of publication, distribution, etc. [196-?]
300 ## - PHYSICAL DESCRIPTION
Extent 103 p.
Dimensions 23 cm.
500 ## - GENERAL NOTE
General note Romanized.

No items available.

Powered by Koha